00541nam a22001697a 450000500170000001000150001702000260003203500140005803700130007208200110008510000230009624500850011926000370020427000640024130000270030550000390033220190329124545.0 aENG-125000 a9789352301423c395.00 aEN-108532 bDBAD/PUB a615.19 aPotdar, Manohar A. aConcepts of quality management in pharmaceutical industry/cby Manohar A. Potdar aHyderabadbPharmaMed Pressc2017 a4-4-309/316, Giriraj Lane, Sultan Bazar,bHyderabade500095 axiv, 265p.c24cm.(pbk) aIt includes bibliography and index